000 00468nam a22001817a 4500
003 NUST - PNEC
005 20170116181028.0
008 150918b xxu||||| |||| 00| 0 eng d
020 _a0713135743
040 _cLIBRARY
082 _a621.811HAW
100 _910886
_aHannah, John,
245 _aMechanics of machines : elementary theory and examples
_cJohn, Hannah
250 _a4th ed
260 _cc1984.
650 _910887
_aMachinery
_xME
942 _2ddc
_cBK
999 _c67607
_d67607